00000000nas##2200000za#4500
0019.508456
003CaOODSP
00520210929082751
007ta
008150406c1997||||xxc|| p #||||f|   |0eng|d
022 |a1206-7210
040 |aCaOODSP|beng
041 |aeng
041 |afre
043 |an-cn---
0861 |aFo12-34
1101 |aCanada. |bNatural Resources Canada. |bCanadian Forest Service.
24510|aNetwork news : |bforest health & biodiversity / |cIssued by the Atlantic Forestry Centre for the Forest Biodiversity and Forest Health Networks.
260 |aFredericton - Connecticut : |bNatural Resources Canada.
310 |aIrregular
3621 |aVol. 1, No. 1, Spring 1997--Vol. 5, No. 1, Winter 2001
500 |aContinued by "Forest health & biodiversity news", from Vol. 5, N° 2, Fall 2001.
5203 |aThis newsletter, published one to two times a year, contains articles on issues that affect the health and biodiversity of Canada’s forests. Topic areas include domestic and exotic insect infestations, forestry practices, and climate change, with a focus on the Canadian Forest Service’s work in this area.
563 |aSoftcover
7760#|tInfo-réseaux |w(CaOODSP)9.501339
7760#|tNetwork news |w(CaOODSP)9.504940
78000|tForest health & biodiversity news / |w(CaOODSP)9.511154
792 |tInfo-réseaux : |efre|w(CaOODSP)9.508457